| 000 | 01043nam a2200265 i 4500 | ||
|---|---|---|---|
| 001 | 186415 | ||
| 003 | SpMaBN | ||
| 005 | 20250816063152.0 | ||
| 008 | 161108s1974 sp |||| |dlat d | ||
| 020 | _a84-7162-635-7 | ||
| 080 | _a94(37)"-0065/-0062" | ||
| 100 | 1 |
_aSalustio Crispo, Cayo, _d86 a.C.-34 a.C. _9102051 |
|
| 245 | 1 | 0 |
_aConjuración de Catilina / _cC. Salustio Crispo ; texto, traducción, ordenación directa y versión interlineal por José-Ignacio Ciruelo. |
| 246 | 3 | _aDe coniuratione Catilinae | |
| 260 |
_aBarcelona : _bBosch, _c[1974] |
||
| 300 |
_a239 p ; _c17 cm. |
||
| 490 | 1 | _aColección de textos clásicos latinos | |
| 546 | _aTexto en latín y traducción en español. | ||
| 650 | 0 | 7 |
_aLengua latina- _vTextos. _914307 |
| 651 | 7 |
_aRoma- _xHistoria- _y65-62 a.C. Conjuración de Catilina. _9159880 |
|
| 700 | 1 |
_aCiruelo, José-Ignacio. _938904 |
|
| 830 | 0 |
_aColección de textos clásicos latinos _9225417 |
|
| 852 |
_aES-MaACL _jL-30776 _z. - Donat. Miguel A. Velasco |
||
| 999 |
_c186415 _d186415 |
||